000 00760nam a22002537a 4500
003 UA-OsUOA
001 93297
007 ta
008 20130117b un ||||| |||| 00| 0 ukr d
100 _aМокшицький М.
700 _aГрисяк Б.
090 _a82-96
_bМ74
942 _cBK
040 _aUA-OsUOA
_bukr
_cUA-OsUOA
_dUA-OsUOA
245 _aВівторки любив найбільше
_bрозповідь про щоденне життя Йоана Павла ІІ
300 _a196 с.
955 _a3
041 _aukr
080 _a82-96
020 _a978-966-2215-06-9
260 _aК.
_bТОВ Тетріс-Прінт
_c2011
650 7 _a82 Література. Літературознавство
_2UDC
999 _c379534
_d379534